The Last US President with the Letter A-Z - Statistics

General Stats
  • This quiz has been taken 41 times
  • The average score is 23 of 26
Answer Stats
Letter US President % Correct
G George W. Bush
97%
H George W. Bush
97%
S George W. Bush
97%
W George W. Bush
97%
C Barack Obama
94%
K Barack Obama
94%
A Donald Trump
91%
D Donald Trump
91%
L Donald Trump
91%
M Donald Trump
91%
N Donald Trump
91%
O Donald Trump
91%
P Donald Trump
91%
R Donald Trump
91%
T Donald Trump
91%
U Donald Trump
91%
B Joe Biden
91%
E Joe Biden
91%
I Joe Biden
91%
J Joe Biden
91%
X Richard Nixon
88%
F Gerald R. Ford
81%
Q John Quincy Adams
81%
V Franklin D. Roosevelt
78%
Z Zachary Taylor
78%
Y Jimmy Carter
75%
No matching quizzes found
Score Distribution
Percent of People with Each Score
Percentile by Number Answered
Your Score History
You have not taken this quiz